عرض عادي
عرض مارك
- Industrial hygiene.
مدخل مصطلح موضوعي
001 - رقم الضبط
- حقل الضبط: 18340
003 - معرف رقم الضبط
- حقل الضبط: OSt
005 - تاريخ ووقت أخر عملية
- حقل الضبط: 20121224163120.0
008 - عناصر بيانات ثابتة الطول
- حقل تحكم ثابت الطول: 121224|||a|||||| | ||| d
040 ## - مصدر الفهرسة
- هيئة الفهرسة الأصلية: OSt
- وكالة الكتابة: OSt
150 ## - مدخل-- مصطلح تاريخي
- عنصر مدخل المصطلح الموضوعي او الاسم الجغرافي: Industrial hygiene.
670 ## - بيانات المصدر موجوده
- الاستشهاد بالمصدر: Work cat.: (OSt)0: Asfahl, C. Ray, 1938- 18338, Industrial safety and health management /, c2010.
